00433nam a22001217a 4500008004100000020001800041082001400059100003300073245012100106260003400227300001900261650003100280161122b xxu||||| |||| 00| 0 eng d a9987 612 07 5 a333.7 COM aMwandosya, Mark.- (Editor).- aCompetition Policy and Utility Regulation/cEdited by Mark J. Mwandosya, George F. Mbowe and Peter Young.-hEnglish. aDar Es Salaam:bCEEST,c1997. a192P.;c21CM.- 2Economics of land & energy